Ladislav Janouch : Galerie Knížecí Dvůr /

Hlavní autor: Janouch, Ladislav, 1944-
Korporativní autor: Městské muzeum a Galerie Knížecí dům (Moravský Krumlov, Česko)
Další autoři: Hanušová, Marie, 1942-2023
Jazyk: Čeština
Vydáno: [Hluboká nad Vltavou] : Pavel Frelich, 2014
Témata:
Fyzický popis: 4 nečíslované strany : ilustrace (převážně barevné), 1 portrét ; 21 cm
Knihy
Uloženo v:
LEADER 01726nam a2200445 i 4500
001 001749908
003 CZ BrMZK
005 20240102143423.0
007 ta
008 200521s2014 xr ac e c 000 0 cze
020 |q (Dvoulist) 
040 |a BOA001  |b cze  |e rda 
043 |a e-xr--- 
045 |a x-y- 
072 7 |a 73  |x Sochařství, keramika, porcelán, umělecké zpracování kovů  |2 Konspekt  |9 21 
080 |a 730(437.3)  |2 MRF 
080 |a 730.036/.038  |2 MRF 
080 |a (437.3)  |2 MRF 
080 |a (083.824)  |2 MRF 
100 1 |a Janouch, Ladislav,  |d 1944-  |7 jn20000728245  |4 art 
245 1 0 |a Ladislav Janouch :  |b Galerie Knížecí Dvůr /  |c příprava výstavy a katalogu Marie Hanušová 
264 1 |a [Hluboká nad Vltavou] :  |b Pavel Frelich,  |c 2014 
300 |a 4 nečíslované strany :  |b ilustrace (převážně barevné), 1 portrét ;  |c 21 cm 
336 |a text  |b txt  |2 rdacontent 
336 |a statický obraz  |b sti  |2 rdacontent 
337 |a bez média  |b n  |2 rdamedia 
338 |a svazek  |b nc  |2 rdacarrier 
500 |a Název z obálky 
500 |a Životopisná data 
600 1 7 |a Janouch, Ladislav,  |d 1944-  |7 jn20000728245 
648 7 |a 20.-21. století  |7 ch462155  |2 czenas 
650 0 7 |a české sochařství  |7 ph128152  |y 20.-21. století  |2 czenas 
650 0 7 |a moderní sochařství  |7 ph122941  |z Česko  |2 czenas 
655 7 |a katalogy výstav  |7 fd132536  |2 czenas 
700 1 |a Hanušová, Marie,  |d 1942-2023  |7 xx0249501  |4 wfw 
710 2 |a Městské muzeum a Galerie Knížecí dům (Moravský Krumlov, Česko)  |7 mzk2009508488  |4 orm 
910 |a BOA001  |b 2-1446.948 
990 |a BK 
991 |b 202006  |c NOV 
996 6 |b 2610825185  |c 2-1446.948  |l MZK  |r Sklad / do 1 hodiny  |n 0  |p p.v.  |w 001802958  |u 000010  |a 1  |e BOA001  |j MZK50  |s P